|
|
|
|
| LEADER |
00657cam a2200181 7i4500 |
| 001 |
0000024621 |
| 005 |
20100616090000.0 |
| 090 |
0 |
0 |
|a CAND 628
|b ONT
|
| 245 |
0 |
4 |
|a The 2009 OCETA SDTC :
|b cleantech growth & go-to-market report.
|
| 260 |
0 |
0 |
|a Ontario:
|b The Clean Technology Report Partner,
|c 2009.
|
| 300 |
# |
# |
|a 162 p.
|
| 650 |
0 |
0 |
|a Green technology
|
| 650 |
0 |
0 |
|a Renewable energy - sources
|
| 650 |
0 |
0 |
|a Clean technology --
|x Markets --
|z Canada
|
| 650 |
0 |
0 |
|a Ontario's, Canada --
|x Clean technology industry
|
| 651 |
0 |
0 |
|a Canada
|
| 999 |
|
|
|a 0000026373
|b Book
|c Countries
|e Business Information Centre
|
| 999 |
|
|
|a 0000026372
|b Book
|c Countries
|e Business Information Centre
|